| 000 | 00775cam a22002172 4500 | ||
|---|---|---|---|
| 001 | 0000008461 | ||
| 005 | 20151217145840.0 | ||
| 008 | 080415s xx 000 0 eng d | ||
| 020 |
_a085111881x : _cKES 1450 |
||
| 040 |
_aKABU _cKABU |
||
| 100 | 1 |
_aWright, N. T. _@0000159039 |
|
| 245 | 1 | 5 |
_aThe Epistle of Paul to the Colossians and to Philemon : _ban introduction and commentary / _cN. T. Wright. |
| 260 |
_aLeicester, England : _bInter-Varsity Press, _c1986. |
||
| 300 | _a192. | ||
| 440 | 4 |
_aThe Tyndale New Testament commentaries _@0000159025 |
|
| 650 | 0 |
_aBible. N. T. Colossians _xCommentaries. _@0000159040 |
|
| 650 | 0 |
_aBible. N. T. Philemon _xCommentaries. _@0000159041 |
|
| 908 | _a080415 | ||
| 950 | _@1 | ||
| 999 |
_c3272 _d3272 |
||